[Event "Khanty-Mansiysk FIDE GP"]
[Site "Khanty-Mansiysk"]
[Date "2015.05.22"]
[Round "8"]
[White "Tomashevsky, Evgeny"]
[Black "Dominguez Perez, Leinier"]
[Result "1/2-1/2"]
[WhiteElo "2749"]
[BlackElo "2734"]
[Annotator "Marin,M"]
[PlyCount "202"]
[EventDate "2015.05.14"]
[EventType "tourn"]
[EventRounds "11"]
[EventCountry "RUS"]
[EventCategory "21"]
[SourceTitle "CBM 167"]
[Source "ChessBase"]
[SourceDate "2015.07.13"]
[SourceVersion "1"]
[SourceVersionDate "2015.07.13"]
[SourceQuality "1"]

1. d4 {[%emt 0:00:05]} Nf6 {[%emt 0:00:15]} 2. c4 {[%emt 0:00:06]} g6 {[%emt 0:
00:06]} 3. Nc3 {[%emt 0:00:15]} d5 {[%emt 0:00:07]} 4. Bg5 {[%emt 0:00:23]} Bg7
$5 {[%emt 0:01:49]} 5. Bxf6 {[%emt 0:00:47]} Bxf6 {[%emt 0:00:07]} 6. cxd5 {
[%emt 0:00:07]} c5 $5 {[%emt 0:00:07] This is the modern continuation,
immediately attacking the dark squares by temporarily sacrificing a second
pawn..} ({In the '90s Black mainly undermined the white centre with} 6... c6 {
as, for instance, in the latest annotated game Bellaiche,A (2472)-L'Ami,E 
(2623) Aix-les-Bains 2011 CBM 142B [Marchand,A/Primel,D] (1-0, 43)}) 7. dxc5 {
[%emt 0:00:30] The most obvious continuation,} ({although the developing} 7.
Nf3 {also makes sense} cxd4 8. Nxd4 Qb6 {Dreev,A (2698)-Melkumyan,H (2628)
Plovdiv 2012 CBM 148 [Krasenkow,M] (1-0, 37)}) 7... Nd7 {[%emt 0:01:36]} 8. e3
{[%emt 0:00:39]} ({With two extra pawns, White can try deviating from the
natural course of events with, say,} 8. Qa4 O-O 9. Qa3 Bd4 10. Nf3 Bxc5 11. Qb3
Bd6 12. e3 Nc5 $132 {Moiseenko,A (2715)-Gopal,G (2576) Ningbo 2011 CBM 144 
[Krasenkow,M] (1-0, 104)}) 8... O-O {[%emt 0:02:05]} ({More flexible than} 8...
Qa5 {Rajkovic,D (2418)-Atalik,S (2595) Belgrade 2012 CBM 152 [Atalik,S] (0-1,
31)}) 9. Bc4 {[%emt 0:01:44]} Nxc5 {[%emt 0:01:53]} 10. Nge2 {[%emt 0:00:54]
White is close to completing his development and the extra pawn is safely
defended. However, Black's minor pieces are better placed than White's,
compare the c4- and f6-bishops and the e2- and c5-knights. As for the
unchallenged pressure along the long diagonal, Black rarely gets something
similar in other Grünfeld lines. All these mean that Black should count on
adequate compensation for the pawn.} Qa5 $146 {[%emt 0:00:39][%cal Gc5e4,Gb7b5,
Ga5b4] An active move, creating all sorts of small threats.} ({The natural
developing moves} 10... Bd7 11. O-O Rc8 {are a bit slow, allowing White to
consolidate:} 12. Rc1 Qb6 13. b3 Rfd8 14. Nd4 {Heimann,A (2493)-Vachier
Lagrave,M (2742) Rhodes 2013 (½-½, 20), Black's position is by no means easy
to break, as all his pieces are well placed. But his position is more of a
fortress and it looks like only White could press for a while.}) ({The other
active queen move} 10... Qb6 {has the drawback of blocking the b-pawn, thus
disabling one of Black's threats.} 11. O-O $6 (11. Qd2 {is critical.}) 11...
Qxb2 12. Rb1 Qa3 {Balog,I (2554)-Erdos,V (2643) Hungary 2013 (0-1, 28), with
good play for Black.}) 11. Qd2 {[%emt 0:03:16] This looks like a solid defence,
but Black's answer shatters this illusion.} ({True, after} 11. O-O Qb4 12. Bb3
Bf5 {Black's pressure becomes worrying.}) ({Or if} 11. a3 {, preventing ...Qb4,
} Ne4 12. O-O Nxc3 13. Nxc3 Bxc3 14. bxc3 Qxc3 15. Qe2 Bd7 {with normal play
for Black.}) 11... b5 $5 {[%emt 0:43:41]} ({By far more energetic than} 11...
Bd7 12. Rd1 Rac8 {which may be quite OK, too.}) 12. Nxb5 {[%emt 0:00:30]} (12.
Bxb5 $6 {drops the exchange to} Nb3 $1) 12... Qxd2+ {[%emt 0:01:00]} 13. Kxd2 {
[%emt 0:00:03]} Rb8 {[%emt 0:09:24] If Black managed to take on b2 with the
rook, his compensation would be beyond any doubt. White decides on keeping
both pawns at the cost of an exchange.} 14. Rhb1 {[%emt 0:02:18]} (14. Rhd1 Bd7
15. Nbd4 Rxb2+ 16. Ke1 Rfb8 $36) 14... Bf5 {[%emt 0:17:54]} 15. Nbd4 {[%emt 0:
46:52]} Bxb1 {[%emt 0:00:13]} 16. Rxb1 {[%emt 0:00:01]} Ne4+ {[%emt 0:00:39]}
17. Ke1 $44 {[%emt 0:00:27] Black does not seem to have lost any single bit of
his attacking potential, but there is one important detail: White can
neutralise the rooks' action by installing a knight on c6. This makes that it
is Black who needs to display certain accuracy to avoid landing in a passive
position.} Rb6 {[%emt 0:03:27]} 18. b4 {[%emt 0:13:12]} Rc8 {[%emt 0:01:02]}
19. Nc6 {[%emt 0:10:18]} e6 {[%emt 0:01:27]} 20. Rc1 {[%emt 0:00:15][%cal
Gc6a7]} Rbxc6 $2 {[%emt 0:14:27] There was no need for panicking that badly.} (
{True,} 20... a6 21. Bd3 Nd6 (21... exd5 $2 22. Ne7+ $1) 22. e4 {allows White
to consolidate, but}) (20... Nd6 $1 {[%csl Gc4] would have most likely solved
the problems. The knight defends the c8 rook, avoiding the tricks based on
Ne7+ and attacks the bishop, thus defending the a7-pawn indirectly.} 21. a4 (
21. Bd3 exd5 {[%cal Gd6c8]}) 21... Kg7 {Freeing the knight from the task of
defending the rook.} (21... Nxc4 22. Rxc4 exd5 $2 23. Ne7+ $1) 22. b5 Nxc4 23.
Rxc4 exd5 24. Rc5 a6 25. Rxd5 axb5 26. axb5 Ra8 27. f4 Ra2 28. e4 {The
position remains interesting. Black has activated one of his rooks, but the
kingside majority became threatening in the meanwhile. Chances are about even,
or, mutual.}) 21. dxc6 {[%emt 0:00:09]} Rxc6 {[%emt 0:00:01]} 22. b5 {[%emt 0:
13:57]} Rc5 {[%emt 0:00:04]} 23. f3 {[%emt 0:04:16]} Nd6 {[%emt 0:07:04]} 24.
Bd3 {[%emt 0:01:05]} Rxc1+ {[%emt 0:00:55]} 25. Nxc1 $16 {[%emt 0:00:02] In
the presence of knights, it is equally hard to prove a draw for Black or a win
for White in this opposite-coloured bishops ending. The queenside majority is
quite dangerous and Black needs to take care of his kingside, too.} Kf8 {
[%emt 0:00:11]} 26. Kd2 {[%emt 0:02:05]} Ke7 {[%emt 0:00:22]} 27. Nb3 {[%emt 0:
00:14]} Kd7 {[%emt 0:00:58]} 28. a4 {[%emt 0:02:27]} Kc7 {[%emt 0:00:15]} 29.
Kc2 {[%emt 0:03:20]} Nb7 {[%emt 0:01:17]} 30. Be4 {[%emt 0:00:56]} Nd6 {
[%emt 0:00:13]} 31. Bd3 {[%emt 0:01:40]} Nb7 {[%emt 0:00:01]} 32. Be4 {[%emt 0:
00:12]} Nd6 {[%emt 0:00:02]} 33. Kd3 {[%emt 0:00:13]} Kb6 {[%emt 0:01:11]} 34.
f4 {[%emt 0:00:39]} h5 {[%emt 0:01:30]} 35. g3 {[%emt 0:02:30]} Bg7 {[%emt 0:
00:07]} 36. Ba8 {[%emt 0:00:22]} Bf6 {[%emt 0:01:39]} 37. Bh1 {[%emt 0:01:18]
So far, White has played consequently, but now he starts playing without a
clear plan, probably trying to reach the time control and have a fresh look at
the position.} ({He should have started active operations on both wings:} 37.
e4 e5 (37... Bd8 38. Bc6 {[%cal Ga4a5]} a5 39. e5 Nf5 40. Be8 Nh6 41. Nd2 Kc5
42. Kc3 $18 {Black is awfully passive and his kingside pawns are ripe for the
harvest.}) 38. Bc6 {[%cal Ga4a5]} a6 (38... a5 39. Nd2 {[%cal Gd2f3]}) 39. a5+
({Actually, even} 39. bxa6 {is possible} Kxc6 40. fxe5 Bxe5 41. Na5+ Kb6 42. a7
Kxa7 43. Nc6+ Kb6 44. Nxe5 {The knight ending should be won, as} Ka5 $6 {
loses on the spot to} 45. Nc4+) 39... Kc7 40. Bd5 $1 {This is why White needed
to start play in the centre before switching to the queenside plan.} axb5 (
40... Nxb5 41. Bxf7 g5 42. fxg5 Bxg5 43. Bxh5 $18) 41. Nc5 exf4 42. gxf4 Be7
43. e5 Nf5 44. Ne4 {With worries on both wings, Black is in serious trouble
despite material equality. Here is an illustrative variation:} Nh6 $6 45. Nc3
b4 46. Nb5+ Kb8 47. a6 Bc5 48. Kc4 Be3 49. Bxf7 $3 Nxf7 50. e6 $18 {The e-pawn
is unstoppable.}) 37... Bh8 {[%emt 0:00:16]} 38. Bf3 {[%emt 0:00:32]} Bg7 {
[%emt 0:00:23]} 39. Bg2 {[%emt 0:00:17]} Bh8 {[%emt 0:00:12]} 40. Bh1 {[%emt 0:
00:00]} Bg7 {[%emt 0:00:00]} 41. Bc6 $6 {[%emt 0:28:09] Ironically, White errs
right after reaching the control! He might have seen the whole line with pawn
grabbing, but evaluated it too optimistically.} (41. Ba8 Bf6 42. e4) 41... a6
$1 {[%emt 0:08:00] With the d5-square defended, and in the absence of the
trick bxa6 followed by fxe5, this move eliminates an important source of
danger for Black.} 42. Nd2 {[%emt 0:00:25]} axb5 {[%emt 0:01:53]} 43. axb5 {
[%emt 0:09:20]} Nxb5 {[%emt 0:06:31]} 44. Be8 {[%emt 0:02:12]} Nd6 {[%emt 0:00:
09]} 45. Nc4+ {[%emt 0:00:08]} Kc7 {[%emt 0:00:07]} 46. Nxd6 {[%emt 0:00:06]}
Kxd6 {[%emt 0:00:06]} 47. Bxf7 {[%emt 0:00:24]} h4 {[%emt 0:00:03]} 48. Bxg6 {
[%emt 0:01:59]} (48. g4 g5 $11) 48... hxg3 {[%emt 0:01:04]} 49. hxg3 {[%emt 0:
00:04]} Bb2 {[%emt 0:11:54] Optically, the position looks promising for White,
but there is no way of reaching one of the theoretically won endings with two
connected pawns. Over the next more than 50 moves, Black will need to display
a minimum of accuracy and some physical resistance, of course.} 50. Ke4 {
[%emt 0:13:55]} (50. e4 e5 51. Ke3 Bc1+ 52. Kf3 Ke6 53. Kg4 Be3 54. Kg5 Bd2 55.
Bh7 Bc1 56. Bg8+ Kd6 57. Kf5 Be3 58. fxe5+ Ke7 $11) 50... Ke7 {[%emt 0:04:54]}
51. Bh5 {[%emt 0:00:47]} Kf6 {[%emt 0:01:46]} 52. g4 {[%emt 0:00:43]} Ke7 {
[%emt 0:00:43]} 53. Kf3 {[%emt 0:00:59]} Bc1 {[%emt 0:04:56]} 54. Bg6 {[%emt 0:
00:20]} Bd2 {[%emt 0:00:45]} 55. Bc2 {[%emt 0:00:27]} Kf6 {[%emt 0:03:00]} 56.
Bd3 {[%emt 0:00:19]} Bc1 {[%emt 0:00:12]} 57. Bb1 {[%emt 0:00:05]} Bd2 {
[%emt 0:00:06]} 58. Be4 {[%emt 0:00:22]} Bc1 {[%emt 0:00:14]} 59. Bc2 {[%emt 0:
00:10]} Bd2 {[%emt 0:00:27]} 60. Bd3 {[%emt 0:00:00]} Bc1 {[%emt 0:00:00]} 61.
Bb5 {[%emt 0:12:15]} Bd2 {[%emt 0:00:53]} 62. Bd7 {[%emt 0:01:13]} Ke7 {
[%emt 0:00:31]} 63. Bc8 {[%emt 0:00:41]} Kf6 {[%emt 0:00:08]} 64. Ba6 {[%emt 0:
01:18]} Bc1 {[%emt 0:00:06]} 65. Bc4 {[%emt 0:00:32]} Bd2 {[%emt 0:00:29]} 66.
Bb3 {[%emt 0:00:13]} Bc1 {[%emt 0:00:05]} 67. Ba2 {[%emt 0:00:06]} Bd2 {
[%emt 0:00:06]} 68. Bc4 {[%emt 0:00:13]} Bc1 {[%emt 0:00:07]} 69. g5+ {[%emt 0:
00:10]} Ke7 {[%emt 0:00:12]} 70. Ke2 {[%emt 0:00:29]} (70. e4 e5 $11) 70... Ba3
{[%emt 0:04:31]} 71. Bb3 {[%emt 0:00:29]} Bc1 {[%emt 0:00:16]} 72. Kd3 {
[%emt 0:00:27]} Ba3 {[%emt 0:00:43]} 73. Kd2 {[%emt 0:01:35]} Bb4+ {[%emt 0:00:
25]} 74. Ke2 {[%emt 0:00:56]} Ba3 {[%emt 0:00:07]} 75. Kd3 {[%emt 0:00:47]} Bc1
{[%emt 0:00:17]} 76. Bd1 {[%emt 0:00:16]} Kf7 {[%emt 0:01:11]} 77. Bh5+ {
[%emt 0:00:12]} Ke7 {[%emt 0:00:18]} 78. Ke2 {[%emt 0:00:07]} Kf8 {[%emt 0:00:
19]} 79. Kf3 {[%emt 0:00:16]} Bd2 {[%emt 0:00:14]} 80. Ke4 {[%emt 0:02:04]} Bc1
{[%emt 0:00:54]} 81. Kd4 {[%emt 0:00:33]} Bb2+ {[%emt 0:00:43]} 82. Kd3 {
[%emt 0:00:10]} Bc1 {[%emt 0:00:07]} 83. Ke2 {[%emt 0:00:13]} Kg7 {[%emt 0:01:
15]} 84. Kf3 {[%emt 0:00:39]} Bd2 {[%emt 0:00:47]} 85. Bg4 {[%emt 0:00:56]} Kf7
{[%emt 0:00:05]} 86. Bh3 {[%emt 0:00:13]} Bc1 {[%emt 0:01:34]} 87. Bxe6+ {
[%emt 0:00:33]} Kxe6 {[%emt 0:00:07]} 88. e4 {[%emt 0:00:03]} Bd2 {[%emt 0:07:
53]} 89. Kg4 {[%emt 0:00:05]} Bc1 {[%emt 0:00:05]} 90. Kg3 {[%emt 0:01:27]} Bd2
{[%emt 0:00:09]} 91. Kf3 {[%emt 0:00:09]} Bc1 {[%emt 0:00:14]} 92. Kg4 {
[%emt 0:00:06]} Bd2 {[%emt 0:00:13]} 93. f5+ {[%emt 0:01:25]} Ke5 {[%emt 0:00:
32]} 94. Kh5 {[%emt 0:00:26]} Kxe4 {[%emt 0:01:18]} 95. g6 {[%emt 0:00:16]} Bc3
{[%emt 0:00:06]} 96. Kg5 {[%emt 0:00:08]} Kd5 {[%emt 0:00:17]} 97. Kh6 {
[%emt 0:00:31]} Ke4 {[%emt 0:00:09]} 98. Kg5 {[%emt 0:01:08]} Kd5 {[%emt 0:00:
06]} 99. f6 {[%emt 0:00:40]} Ke6 {[%emt 0:00:12]} 100. g7 {[%emt 0:00:06]}
Bxf6+ {[%emt 0:00:07]} 101. Kg6 {[%emt 0:00:01]} Ke5 1/2-1/2

[Event "EU-ch 11th"]
[Site "Rijeka"]
[Date "2010.03.14"]
[Round "8"]
[White "Georgiev, Kiril"]
[Black "Rodshtein, Maxim"]
[Result "0-1"]
[WhiteElo "2669"]
[BlackElo "2609"]
[Annotator "Marin,M"]
[PlyCount "120"]
[EventDate "2010.03.06"]
[EventType "swiss"]
[EventRounds "11"]
[EventCountry "CRO"]
[SourceTitle "CBM 136"]
[Source "ChessBase"]
[SourceDate "2010.05.18"]
[SourceVersion "1"]
[SourceVersionDate "2010.05.18"]
[SourceQuality "1"]

1. d4 Nf6 2. c4 g6 3. Nc3 d5 4. Bg5 Ne4 5. Bh4 Nxc3 6. bxc3 dxc4 7. e3 Be6 8.
Nf3 Nd7 $5 (8... Bg7 9. Rb1 (9. Qb1 {Pantsulaia,L (2510)-Sutovsky,E (2674)/
Gothenburg 2005/CBM 109/[Krasenkow] (1-0, 47)}) 9... b6 10. Nd2 {Dreev,A (2698)
-Huzman,A (2581)/Mallorca 2004/CBM 104/[Krasenkow] (1-0, 55)}) 9. a4 $5 $146 {
An interesting concept. White discourages ...Nb6, aiming to retrieve the
c4-pawn without weakening his massive centre at all. The only drawback of this
new plan is its relative slowness.} ({The tempting} 9. d5 {weakens the dark
squares and deprives the white centre of the desired flexibility.} Bg4 10. Qd4
({Black has comfortable play after the more neutral} 10. Bxc4 Bg7 11. Rc1 O-O
12. O-O Rc8 13. Be2 Nf6 14. Qa4 Qd7 15. Qxd7 Bxd7 16. c4 Rfd8 17. Nd4 c6 $11 {
Jianu,V (2516)-Shishkin,V (2516)/Bucharest 2010 (1/2, 22)}) 10... Bxf3 11. Qxh8
Bxd5 12. Qd4 Nb6 $44 {Gelfand,B (2750)-Ponomariov,R (2737)/Nice 2010/ (0-1, 47)
}) 9... Bg7 10. Nd2 Nf6 11. Be2 c5 12. Nxc4 cxd4 13. cxd4 Ne4 {Black tries to
get some profit from the fact that the enemy king has remained in the centre
for so long. One cannot but notice that the black knight has been moving
around quite a lot, though, provoking a considerable delay in Black's
development.} 14. Rc1 Bxc4 15. Bxc4 Qa5+ 16. Kf1 Nd2+ 17. Kg1 Nxc4 18. Rxc4 e6
19. h3 O-O 20. Kh2 {Both kings have castled (true, the white one in artificial
manner) and White retains some advantage in view of his strong centre and the
control of the only open file.} Rfc8 21. Qc2 Rxc4 22. Qxc4 Bf8 23. Rb1 (23. Bg3
$5 {may be a better bid for a microscopical advantage:} Qd8 24. Rc1 Bd6 25.
Bxd6 Qxd6+ 26. g3 $14 {[%cal Gc4c5]}) 23... Bd6+ 24. f4 Rb8 {The c-file has
been more or less secured and Black can think about starting some counterplay.}
25. Rb2 a6 26. Bf6 b5 $132 {White has failed to remain in absolute control of
the position. Chances are about even.} 27. Qc6 Qc7 28. Qxc7 Bxc7 29. Rc2 Rb7
30. Rc6 b4 31. d5 exd5 32. Rxa6 b3 33. Bb2 Kf8 34. Kg3 Ke8 35. Kf3 Rb4 36. g4
Kd7 37. Rf6 Rxa4 38. Rxf7+ Kc6 39. f5 gxf5 40. Rf6+ Kb5 41. Rxf5 Ra2 42. Bh8
Kc4 43. Rf7 Bb6 44. Rxh7 Ra8 45. Rb7 Rf8+ 46. Ke2 Bxe3 47. Kxe3 Rxh8 48. Rc7+
Kb4 49. Rb7+ Ka3 50. Ra7+ Kb2 51. g5 Rxh3+ 52. Kf4 Rh4+ 53. Kf5 Kc3 54. Ra1 b2
55. Rg1 Rh5 56. Kf6 d4 57. g6 Rh6 58. Kf5 Rxg6 59. Kxg6 d3 60. Kf5 d2 0-1

[Event "EU-ch 11th"]
[Site "Rijeka"]
[Date "2010.03.12"]
[Round "7"]
[White "Salgado Lopez, Ivan"]
[Black "Fercec, Nenad"]
[Result "1-0"]
[WhiteElo "2592"]
[BlackElo "2492"]
[Annotator "Marin,M"]
[PlyCount "67"]
[EventDate "2010.03.06"]
[EventType "swiss"]
[EventRounds "11"]
[EventCountry "CRO"]
[SourceTitle "CBM 136"]
[Source "ChessBase"]
[SourceDate "2010.05.18"]
[SourceVersion "1"]
[SourceVersionDate "2010.05.18"]
[SourceQuality "1"]

1. d4 Nf6 2. c4 g6 3. Nc3 d5 4. e3 Bg7 5. cxd5 Nxd5 6. Nxd5 {This certainly
looks surprising for those familiar with the Grünfeld universe. Releasing the
tension in the centre to such extent is considered to offer Black active play,
but White's idea is revealed on the next move.} Qxd5 7. Ne2 $1 {The knight
heads for c3, aiming to win time for the development and consolidate the
control in the centre. This variation "does not exist" practically in official
theory. The living Hungarian legend Portisch used it to beat Beliavsky in a
recent game from 2010. Beliavsky seemd impressed and later in the same
tournament used the same line to beat Grünfeld expert Ftacnik. Later, the line
was tried at the top level in two more games. However, the merits of
discovering this idea belong to Lodewijk Prins, who used it almost half a
century ago, in 1964! It is remarkable that in the meanwhile no other relevant
game was played...} c5 {This new move allows White obtain a strong passed pawn
in the centre.} ({The main crossroads arises after} 7... O-O 8. Nc3 {Where
should the black queen retreat?} {After} Qd6 {, the queen is more active than
in the previous line. The only question is whether Nc3-e4 is annoying or not.
Releasing the pressure against the d5-square may well compensate Black for
losing a tempo.} (8... Qd8 {is safe, but a bit passive.} 9. Be2 c6 10. O-O e5
11. dxe5 $5 $146 ({Prins had played} 11. d5 cxd5 12. Qxd5 Nc6 13. Rd1 Be6 14.
Qb5 Qb6 15. Bd2 Rfd8 $11 {Prins,L-Byrne,D/Tel Aviv 1964/MCD (1/2, 57)}) 11...
Bxe5 12. e4 Qxd1 13. Rxd1 Be6 14. f4 Bc7 15. Be3 Nd7 16. Rac1 Bb6 17. Kf2 $14 {
Gelfand,B (2750)-Aronian,L (2782)/Nice 2010 (1/2, 37). White has space
advantage on the kingside and in the centre, as well as an active and
harmonious development.}) ({The sensation provoked by} 8... Qd7 {is that the
queen stands in the way of its own minor pieces.} 9. Be2 c5 10. d5 b6 11. O-O
Ba6 12. e4 b5 13. a3 $14 {Beliavsky,A (2657)-Ftacnik,L (2546)/Szentgotthard
2010/ (1-0, 29). Black has nothing to show against White's advanced centre and
better development. Sadly, the b8-knight has no moves at its disposal yet.}) 9.
Be2 Nd7 10. O-O c6 11. Ne4 {Played with the very concrete plan of inhibiting ..
.e5.} ({In view of Black's alternative suggested below,} 11. Qc2 {may be more
precise though:} e5 12. dxe5 Qxe5 13. e4 Nf6 14. Be3 Ng4 15. Bxg4 Bxg4 16. h3
Bd7 17. Rad1 Qe7 18. Bd4 $14 {Kramnik,V (2790)-Svidler,P (2750)/Nice 2010/ (1/
2, 31). Black is in no immediate danger, but in the long run the weakness of
the kingside dark squares may become unpleasant if White coordinates his
knight and queen accurately.}) 11... Qc7 12. Bd2 Nb6 ({Black probably
refrained from} 12... e5 $1 {because of} 13. Bb4 {, overlooking a promising
exchange sacrifice:} exd4 14. Bxf8 Nxf8 15. exd4 Bf5 16. Ng3 Be6 $44 {The
d4-pawn is doomed. If Black manages to install a knight on this central square,
he will even get the better chances.}) 13. f4 $1 {Preventing the opening of
the centre once and forever.} Nd5 14. Bc4 Bf5 15. Ng3 Rad8 16. Rc1 $14 {
Portisch,L (2519)-Beliavsky,A (2657)/Szentgotthard 2010/ (1-0, 45). White has
a stable space advantage, with practically no counterplay for Black.}) 8. Nc3
Qd8 9. d5 O-O 10. Be2 e6 11. e4 exd5 12. exd5 {The position is typpical for
the 5.Qb3 variation. The exchange of one pair of knights offers Black some
relief, but White's queen is better placed than on c4. This may become an
important tabyia in the future. Black is in no immediate danger, but he cannot
prove an immediate way to equality, which is a clear sign that the system
employed by White has a right to exist.} Bf5 (12... b6 13. O-O Bb7 {fails to
put the d5-pawn in danger, while the bishop is passive on b7. At the same time,
White is offered an additional strategic idea, based on weakening the enemy
queenside with a4-a5.} 14. Qb3 Nd7 15. Be3 Bd4 16. Rad1 Bxe3 17. fxe3 Qg5 {
Black has the e5-square all for himself, but his kingside is slightly weak and
the bishop quite passive.} 18. e4 (18. Rf4 $5 $14) 18... Qe3+ 19. Kh1 Ne5 20.
a4 Rab8 21. Rde1 Kg7 {Zivanic,M (2490)-Kritz,L (2616)/Brownsville 2010 (0-1,
34)} 22. a5 $5 $14) 13. O-O Na6 {Black plays in the spirit of the ...Na6 line
of the 5.Qb3 system. His main problem remains the blocking the d-pawn in a
safe way.} 14. Be3 Qa5 15. Rc1 Rfe8 16. Qb3 ({White did not need to expose his
queen. Everything was ready for} 16. d6 $5 $36 {, clearing squares and
diagonals for the minor pieces.} Nb4 (16... Be5 17. Nd5 $16) (16... Rad8 17.
Bg5 f6 18. Bf4 $16) 17. Nb5 $14 {[%cal Gc1c5,Ga2a3,Gb5c7]}) 16... Nb4 (16...
Qb4 $5 {may have offered better chances for maintaining approximate equality.})
17. Rfd1 $14 {White has completed his development and remains in absolute
control of the position. The subsequent exchanges will only increase the
significance of the passed d-pawn.} Bd4 18. Bxd4 cxd4 19. Rxd4 Nxa2 20. Nxa2
Rxe2 21. Nc3 Re5 22. Qxb7 $16 Rae8 23. h4 Re1+ 24. Rxe1 Rxe1+ 25. Kh2 Qa1 26.
Kg3 Kg7 27. Ra4 Qc1 28. Rxa7 Re3+ 29. Kh2 Rh3+ 30. gxh3 Qf4+ 31. Kg1 Bxh3 32.
Qxf7+ Qxf7 33. Rxf7+ Kxf7 34. Ne4 1-0